LEADER 00948cam0-2200313---450- 001 990004628620403321 005 20140724121628.0 035 $a000462862 035 $aFED01000462862 035 $a(Aleph)000462862FED01 035 $a000462862 100 $a19990604d1971----km-y0itay50------ba 101 0 $ager 102 $aDE 105 $aa-------001yy 200 1 $a<>etruskische Ringsteinglyptik$fvon Wolfram Martini 210 $aHeidelberg$cKerle$d1971 215 $a169 p., 40 tav.$cill.$d29 cm 225 1 $aMitteilungen des deutschen Archaeologischen Instituts$iRoemische Abteilung. Erganzungsheft$v18. 610 0 $aGemme incise$aAntichitą 676 $a736.2 700 1$aMartini,$bWolfram$0183988 801 0$aIT$bUNINA$gRICA$2UNIMARC 901 $aBK 912 $a990004628620403321 952 $a930.1 DAIR 18$bI.arch.16449$fFLFBC 959 $aFLFBC 996 $aEtruskische Ringsteinglyptik$9552186 997 $aUNINA LEADER 01564nam 2200397 n 450 001 996389529503316 005 20200824121603.0 035 $a(CKB)1000000000643540 035 $a(EEBO)2240907661 035 $a(UnM)99838941e 035 $a(UnM)99838941 035 $a(EXLCZ)991000000000643540 100 $a19901120d1620 uy | 101 0 $aeng 135 $aurbn||||a|bb| 200 02$aA discourse of Christian watchfulnesse$b[electronic resource] $ePreparing how to liue, how to die, and to be discharged at the day of iudgement, and so enioy life eternall. By Iohn Rogers minister to the Church of Chacombe in Northampton-shiere 210 $aLondon $cPrinted by William Iones, dwelling in Red-crosse streete neere Saint Giles Church$d1620 215 $a[20], 369 [i.e. 357], [1] p 300 $aPages 30, 109, 141, 143, 234-35, 238-39 and 369 misnumbered 32, 119, 241, 221, 230-31, 234-35 and 357. 300 $aRunning title reads: The Christians watchfulnesse. 300 $aSome print show-through; signature A torn, print missing. 300 $aReproduction of original in the Bodleian Library. 330 $aeebo-0014 606 $aChristian life$vEarly works to 1800 606 $aDeath$vEarly works to 1800 615 0$aChristian life 615 0$aDeath 700 $aRogers$b John$cof Chacombe.$0408693 801 0$bCu-RivES 801 1$bCu-RivES 801 2$bCStRLIN 801 2$bWaOLN 906 $aBOOK 912 $a996389529503316 996 $aA discourse of Christian watchfulnesse$92371316 997 $aUNISA LEADER 02757oam 2200745 450 001 9910711794103321 005 20210112082956.0 035 $a(CKB)5470000002486126 035 $a(OCoLC)1079910082 035 $a(EXLCZ)995470000002486126 100 $a20181221d2019 ua 0 101 0 $aeng 135 $aurmn||||||||| 181 $ctxt$2rdacontent 182 $cc$2rdamedia 183 $acr$2rdacarrier 200 10$aCFIUS reform $eexamining the essential elements : hearing before the Committee on Banking, Housing, and Urban Affairs, United States Senate, One Hundred Fifteenth Congress, second session, on examining the essential national security elements underlying a comprehensive proposal to reform the review process used by the Committee on Foreign Investment in the United States (CFIUS), January 18, 2018 210 1$aWashington :$cU.S. Government Publishing Office,$d2019. 215 $a1 online resource (iii, 131 pages) $cillustrations (chiefly color) 225 1 $aS. hrg. ;$v115-213 300 $aOriginally issued with publication date of 2018; reissued due to minor change in page numbering. 320 $aIncludes bibliographical references. 517 $aCFIUS reform 606 $aInvestments, Foreign$xGovernment policy$zUnited States 606 $aExport controls$zUnited States 606 $aNational security$zUnited States 606 $aTechnology transfer$zUnited States 606 $aTechnology transfer$zChina 606 $aBusiness intelligence$xGovernment policy$zChina 606 $aBusiness intelligence$xGovernment policy$2fast 606 $aExport controls$2fast 606 $aInvestments, Foreign$xGovernment policy$2fast 606 $aNational security$2fast 606 $aTechnology transfer$2fast 607 $aChina$2fast 607 $aUnited States$2fast 608 $aLegislative hearings.$2fast 608 $aRules.$2fast 608 $aLegislative hearings.$2lcgft 615 0$aInvestments, Foreign$xGovernment policy 615 0$aExport controls 615 0$aNational security 615 0$aTechnology transfer 615 0$aTechnology transfer 615 0$aBusiness intelligence$xGovernment policy 615 7$aBusiness intelligence$xGovernment policy. 615 7$aExport controls. 615 7$aInvestments, Foreign$xGovernment policy. 615 7$aNational security. 615 7$aTechnology transfer. 801 0$bGPO 801 1$bGPO 801 2$bMERUC 801 2$bGPO 801 2$bIAD 801 2$bOCLCO 801 2$bIAF 801 2$bOCLCO 801 2$bOCLCF 801 2$bWTU 801 2$bGPO 906 $aBOOK 912 $a9910711794103321 996 $aCFIUS reform$93171672 997 $aUNINA LEADER 03270oam 2200589 c 450 001 9910163124703321 005 20250802090638.0 010 $a3-7445-1049-2 010 $a3-86496-988-3 024 3 $a9783744510493 035 $a(CKB)3710000000821008 035 $a(MiAaPQ)EBC4622040 035 $a(Herbert von Halem Verlag)9783744510493 035 $a(EXLCZ)993710000000821008 100 $a20250802d2016 uy 0 101 0 $ager 135 $aurcnu|||||||| 181 $2rdacontent 182 $2rdamedia 183 $2rdacarrier 200 10$aDatenjournalismus $eMethode einer digitalen Welt /$fLorenz Matzat 205 $a1st ed. 210 $aKo?ln$cHerbert von Halem Verlag$d2016 215 $a1 online resource (107 pages) $cillustrations (some color), graphs 225 0 $aPraktischer Journalismus$v101 300 $a[1. Auflage] 311 08$a3-86764-651-1 330 $aDatenjournalismus ist eine Reaktion auf die anhaltende Digitalisierung. Er ist eng mit Software und Algorithmen verknu?pft, na?hrt sich vom gleichen Treibstoff wie die Rechner und das Internet: Daten. Welche Methode wa?re also besser dafu?r geeignet, eine digitale Welt zu begleiten und zu beschreiben? Der Datenjournalist Lorenz Matzat gibt einen Einblick in das recht junge Genre Datenjournalismus und richtet sich damit an Einsteiger in das Thema: Was geho?rt zum sogenannten data-driven-journalism und wie la?sst er sich umSetzen? Im ersten Kapitel geht es um den Rohstoff des Ganzen: Daten und deren Formate - wie im Zusammenspiel mit Software interaktiver Journalismus gemacht kann. Der zweite Abschnitt dreht sich um das methodische Vorgehen: Dem Beschaffen und Sa?ubern von Daten, der Analyse der Daten und der Berichterstattung mit ihnen. Der dritte und letzte Abschnitt handelt von dem Produkt, dem journalistischen Werk: Es ist dabei nicht nur die Rede vom pra?gnanten Journalismus, sondern auch von Servertechnologie, Nutzerfreundlichkeit, Testen und nicht zuletzt von Datenvisualisierungen. Dieses Buch verspricht weder, aus dem Leser in Nullkommanichts einen Ko?nner im Datenjournalismus zu machen. Auch fordert es nicht, dass jeder Journalist Programmierer werden sollte. Vielmehr zeigt Lorenz Matzat, dass Datenjournalismus viel Arbeit, Geduld und Teamarbeit verlangt. Aber auch, dass diese Arbeit entsprechend belohnt wird: und zwar mit der Mo?glichkeit, aussagekra?ftig und vielfa?ltig das digitale Medium Internet bespielen zu ko?nnen. www.datenjournalist.de/buch 410 0$aPraktischer Journalismus ;$vBand 101. 606 $aBerichterstattung 606 $aDatenanalyse 606 $aDatenjournalismus 606 $aDatenvisualisierung 606 $aDigitalisierung 606 $aJournalismus 606 $adata-driven-journalism 615 4$aBerichterstattung 615 4$aDatenanalyse 615 4$aDatenjournalismus 615 4$aDatenvisualisierung 615 4$aDigitalisierung 615 4$aJournalismus 615 4$adata-driven-journalism 676 $a070.40285 700 $aMatzat$b Lorenz$4aut$01205730 801 0$bMiAaPQ 801 1$bMiAaPQ 801 2$bMiAaPQ 906 $aBOOK 912 $a9910163124703321 996 $aDatenjournalismus$92782249 997 $aUNINA